| 000 | 00505nam a22001817a 4500 | ||
|---|---|---|---|
| 003 | CEME | ||
| 005 | 20210628202930.0 | ||
| 008 | 210119b xxu||||| |||| 00| 0 eng d | ||
| 020 | _a81-88458-20-1 | ||
| 040 | _c. | ||
| 082 | _a621.382 SHA | ||
| 100 |
_aSharma, Sanjay _9217 |
||
| 245 | _aCommunication systems, analog and digital | ||
| 260 |
_aNEW DELHI _bS.K.KATARIA _c2007 |
||
| 300 | _aXIV, 926 | ||
| 650 |
_aCOMMUNICATION SYSTEMS -ANALOG.COMMUNICATION SYSTEMS - DIGITAL _962384 |
||
| 942 |
_cBK _2ddc |
||
| 999 |
_c571505 _d571505 |
||